The noble scholar, jurist, historian


 His Excellency Dr. Abdul Wahhab bin Ibrahim Abu Sulaiman, may Allah have mercy on him.


 He was born in Umm Al-Qura in the year 1356 AH.

كتاب الصلاة من أول إلى أول باب فضل الجماعة والعذر بتركها من الحاوي الكبير (Record no. 13592)

MARC details
000 -LEADER
fixed length control field 01594ctm a2200301 i 4500
003 - CONTROL NUMBER IDENTIFIER
control field SA-RiAUC
005 - DATE AND TIME OF LATEST TRANSACTION
control field 20251218140213.0
008 - FIXED-LENGTH DATA ELEMENTS--GENERAL INFORMATION
fixed length control field 251218s1983 su f m 00000 ara c
040 ## - CATALOGING SOURCE
Original cataloging agency SA-JeALM
Language of cataloging ara
Transcribing agency SA-RiAUC
Description conventions rda
082 04 - DEWEY DECIMAL CLASSIFICATION NUMBER
Classification number 252.2
090 ## - LOCALLY ASSIGNED LC-TYPE CALL NUMBER (OCLC); LOCAL CALL NUMBER (RLIN)
Classification number (OCLC) (R) ; Classification number, CALL (RLIN) (NR) ر 252.2
Local cutter number (OCLC) ; Book number/undivided call number, CALL (RLIN) م ن و
100 1# - MAIN ENTRY--PERSONAL NAME
Personal name المنور، السيد عقيل حسين
Relator term مؤلف.
245 12 - TITLE STATEMENT
Title كتاب الصلاة من أول إلى أول باب فضل الجماعة والعذر بتركها من الحاوي الكبير
Remainder of title للإمام أبي الحسن علي بن محمد بن حبيب الماوردي ت 450 هـ تحقيق ودراسة
Statement of responsibility, etc. إعداد السيد عقيل حسين المنور ؛ إشراف محمد إبراهيم الخضراوي.
264 #0 - PRODUCTION, PUBLICATION, DISTRIBUTION, MANUFACTURE, AND COPYRIGHT NOTICE
Place of production, publication, distribution, manufacture مكة المكرمة :
Name of producer, publisher, distributor, manufacturer جامعة أم القرى .
Date of production, publication, distribution, manufacture, or copyright notice 1987
300 ## - PHYSICAL DESCRIPTION
Extent 3 مجلد ؛
Dimensions 30 سم.
336 ## - CONTENT TYPE
Content type term نص
Content type code txt
Source rdacontent
Materials specified أطروحة
337 ## - MEDIA TYPE
Media type term بدون وسيط
Media type code n
Source rdamedia
338 ## - CARRIER TYPE
Carrier type term مجلد
Carrier type code nc
Source rdacarrier
500 ## - GENERAL NOTE
General note أطروحة (دكتوراة)-جامعة أم القرى، 1987 م.
502 ## - DISSERTATION NOTE
Dissertation note أطروحة (دكتوراة)-جامعة أم القرى، 1987 م.
650 #7 - SUBJECT ADDED ENTRY--TOPICAL TERM
Topical term or geographic name entry element الصلاة (فقه إسلامي)
Source of heading or term aucsh
650 #7 - SUBJECT ADDED ENTRY--TOPICAL TERM
Topical term or geographic name entry element الأحكام الشرعية
Source of heading or term aucsh
700 ## - ADDED ENTRY--PERSONAL NAME
Personal name الخضراوي، محمد محمد ابراهيم
Relator term مشرف .
700 ## - ADDED ENTRY--PERSONAL NAME
Personal name الماوردي، علي بن محمد بن حبيب،
Dates associated with a name 364 - 450 هـ
700 ## - ADDED ENTRY--PERSONAL NAME
Personal name المزني، إسماعيل بن يحيى بن إسماعيل،
Dates associated with a name 175 - 264 هـ
942 ## - ADDED ENTRY ELEMENTS (KOHA)
Source of classification or shelving scheme Dewey Decimal Classification
Koha item type رسالة علمية
Suppress in OPAC No
949 ## - LOCAL PROCESSING INFORMATION (OCLC)
a SA-JeALM
d 251218
u osman123
n 1
Holdings
Withdrawn status Lost status Source of classification or shelving scheme Materials specified (bound volume or other part) Damaged status Not for loan Home library Current library Date acquired Total checkouts Full call number Barcode Date last seen Price effective from Koha item type
    Dewey Decimal Classification الجزء الاول ( أ )     DR AbdElwahab Library DR AbdElwahab Library 12/18/2025   ر 252.2 م ن و 000021786 12/18/2025 12/18/2025 رسالة علمية
    Dewey Decimal Classification الجزء الاول ( ب )     DR AbdElwahab Library DR AbdElwahab Library 12/18/2025   ر 252.2 م ن و 000021787 12/18/2025 12/18/2025 رسالة علمية
    Dewey Decimal Classification الجزء الثاني ( أ )     DR AbdElwahab Library DR AbdElwahab Library 12/18/2025   ر 252.2 م ن و 000021788 12/18/2025 12/18/2025 رسالة علمية
    Dewey Decimal Classification الجزء الثاني ( ب )     DR AbdElwahab Library DR AbdElwahab Library 12/24/2025   ر 252.2 م ن و 000021902 12/24/2025 12/24/2025 رسالة علمية